TEACHING OF ENGLISH (Record no. 26672)

MARC details
000 -LEADER
fixed length control field 00308nam a22001457a 4500
003 - CONTROL NUMBER IDENTIFIER
control field SGT
020 ## - INTERNATIONAL STANDARD BOOK NUMBER
International Standard Book Number 9788175415959
082 ## - DEWEY DECIMAL CLASSIFICATION NUMBER
Classification number 371.1,SHA
100 ## - MAIN ENTRY--PERSONAL NAME
Personal name SHARMA,PARVEEN
245 ## - TITLE STATEMENT
Title TEACHING OF ENGLISH
260 ## - PUBLICATION, DISTRIBUTION, ETC. (IMPRINT)
Place of publication, distribution, etc NEW DELHI
Name of publisher, distributor, etc SHIPRA
Year of Publication 2011
300 ## - PAGE DESCRIPTION
No. of Pages 280
650 ## - SUBJECT ADDED ENTRY--TOPICAL TERM
Topical term or geographic name as entry element EDUCATION
942 ## - ADDED ENTRY ELEMENTS (KOHA)
Source of classification or shelving scheme Dewey Decimal Classification
Koha item type Books
942 ## - ADDED ENTRY ELEMENTS (KOHA)
-- 7
Holdings
Withdrawn status Lost status Source of classification or shelving scheme Damaged status Use restrictions Not for loan Collection code Home library Current library Shelving location Date acquired Vendor Name Cost, normal purchase price SGTU Bill Number Full call number Accession No. (Barcode) Date last seen Bill Date Koha item type Total Checkouts Date last borrowed
    Dewey Decimal Classification   Restricted Access Not For Loan EDUCATION SGT Engineering Library SGT Engineering Library Reference Book 12/07/2024 ABC PUBLISHERS & DISTRIBUTORS PVT. LTD. 1250.00 SGTU IN43 371.1,SHA ED5295 12/07/2024 28/06/2024 Books    
    Dewey Decimal Classification       EDUCATION SGT Engineering Library SGT Engineering Library Text Book 12/07/2024 ABC PUBLISHERS & DISTRIBUTORS PVT. LTD. 1250.00 SGTU IN43 371.1,SHA ED5296 19/08/2025 28/06/2024 Books 8 08/08/2025
    Dewey Decimal Classification       EDUCATION SGT Engineering Library SGT Engineering Library Text Book 12/07/2024 ABC PUBLISHERS & DISTRIBUTORS PVT. LTD. 1250.00 SGTU IN43 371.1,SHA ED5297 21/08/2025 28/06/2024 Books 9 21/08/2025